00726nam a2200193Ia 4500952015500000999001700155003000400172005001700176008004100193020001800234040000900252082001900261100002300280245009600303260006400399300000900463650001500472942004500487 00102ddc40708ENTRANCEaMESbMEScCAREER CORNERd2019-02-20g350.00l1o658.007 SHA/Hp32529r2022-12-02 00:00:00s2022-11-24w2019-02-20yBKzU8R5 c36876d36876OSt20210122150411.0190216s9999||||xx |||||||||||||| ||und|| a9780070635647 coclc a658.007bSHA/H aSharma, Arun98357 0aHow To Prepare For The Data Interpretation And Logical Reasoning For The CAT /cArun Sharma bTata Mcgraw Hill Publishing Company Ltd,c2008.aNew Delhi: a324p aReferences cREF2ddch658.007iSHA/Hk658.007mSHA/H